Thực trạng ly hôn của các gia đình trên địa bàn tỉnh Quảng Nam
Nghiên cứu cơ sở lý luận về hôn nhân và gia đình. Khảo sát thực trạng ly hôn của các gia đình trên địa bàn tỉnh Quảng Nam.Tìm hiểu nguyên nhân và đề xuất những biện pháp phòng, chống sự gia tăng của tình trạng ly hôn ở các cặp vợ chồng hiện nay....
Sparad:
| Huvudupphovsman: | |
|---|---|
| Övriga upphovsmän: | |
| Materialtyp: | Bok |
| Språk: | Vietnamese |
| Publicerad: |
Đà Nẵng
Đại học Sư phạm, Đại học Đà Nẵng
2013
|
| Ämnen: | |
| Taggar: |
Lägg till en tagg
Inga taggar, Lägg till första taggen!
|
| Thư viện lưu trữ: | Mạng thư viện Đại học Đà Nẵng |
|---|
| LEADER | 01870nam a2200373 4500 | ||
|---|---|---|---|
| 001 | 000018637 | ||
| 003 | 15071 | ||
| 005 | 20131212151219.0 | ||
| 008 | 131203s2013 viesd | ||
| 041 | |a vie | ||
| 082 | 1 | 4 | |a 155.93 |b NG-C |
| 100 | 1 | |a Nguyễn Thị Cảnh | |
| 245 | 1 | |a Thực trạng ly hôn của các gia đình trên địa bàn tỉnh Quảng Nam |c Nguyễn Thị Cảnh ; Phạm Thị Mơ hướng dẫn |k Khóa luận tốt nghiệp | |
| 260 | |a Đà Nẵng |b Đại học Sư phạm, Đại học Đà Nẵng |c 2013 | ||
| 300 | |a 97 tr., phụ lục 4 tr. |b mh. |c 29 cm. |e Bản tóm tắt | ||
| 500 | |a Khóa luận tốt nghiệp đại học. Chuyên ngành: Cử nhân Tâm lý | ||
| 504 | |a Mục lục đầu trang, tài liệu tham khảo tr. 73 - 74, phụ lục [13 tr.] | ||
| 520 | |a Nghiên cứu cơ sở lý luận về hôn nhân và gia đình. Khảo sát thực trạng ly hôn của các gia đình trên địa bàn tỉnh Quảng Nam.Tìm hiểu nguyên nhân và đề xuất những biện pháp phòng, chống sự gia tăng của tình trạng ly hôn ở các cặp vợ chồng hiện nay. | ||
| 600 | 1 | 4 | |b Vua |c Đinh Tiên Hoàng |
| 650 | 0 | 4 | |a Gia đình |v Khóa luận tốt nghiệp |x Ly hôn |z Quảng Nam |
| 653 | |a Khoa Tâm lý - Giáo dục | ||
| 653 | |a Ly hôn | ||
| 653 | |a Gia đình | ||
| 700 | 1 | |a Phạm Thị Mơ |e Hướng dẫn | |
| OWN | |a LSP | ||
| AVA | |a UDN50 |b LSP |d 155.93 NG-C |e available |t Error 5001 Not defined in file expand_doc_bib_avail. |f 1 |g 0 |h N |i 0 |k 1 | ||
| 999 | |a From the UDN01 | ||
| AVA | |a UDN50 |b LSP |d 155.93 NG-C |e available |t Error 5001 Not defined in file expand_doc_bib_avail. |f 1 |g 0 |h N |i 0 |k 1 | ||
| TYP | |a Monograph | ||
| TYP | |a Printed language | ||
| 980 | |a Mạng thư viện Đại học Đà Nẵng | ||